000 00583nas a2200217 4500
001 BR9604225
003 BR-BrBNA
005 20231205094844.0
007 ta
008 230509b bl.|||p| |||| 00| 00por d
040 _aBR-BrBNA
_bpor
_cBiblioteca Nacional de Agricultura
041 _a(Pt)
072 _aL02
100 1 _aPrimi, L.
245 1 _aNao deixe seu gado passar fome
650 _aBovino
650 _aNutricao Animal
773 0 _tRaizes (Brazil)
_x
_g(Apr 1986), v. 11(117) p. 15-21
_wBR9604225
909 _a202311
_bLúcia
_c55
_dLúcia Elande
942 _2AGRIS
_n0
_cANA
999 _c147354
_d147354